| 000 | 01950nam0a2200469 4500 | ||
|---|---|---|---|
| 001 | RU\NLR\bibl\1204964 | ||
| 005 | 20250615103023.0 | ||
| 010 |
_a978-5947-89-255-0 _91000 |
||
| 021 |
_aRU _b2008-6915 _9374 |
||
| 035 | _a(nilc)EL/0000180300 | ||
| 035 | _aVIL\RUSMED\0000123354 | ||
| 035 | _a(NLR Aleph) 001191442 | ||
| 090 |
_a1719881 _c1719881 |
||
| 100 | _a20080214d2007 |||y0rusy50 ca | ||
| 101 | 0 | _arus | |
| 102 | _aRU | ||
| 105 | _aa ||||||||| | ||
| 200 | 1 |
_aНосовые кровотечения _e(основы патогенеза и дифференцированной терапии при геморрагических заболеваниях и синдромах) _fВ.И. Тимошенский, А.Н. Мамаев |
|
| 210 |
_aТверь _cТриада _d2007 |
||
| 215 |
_a119 с. _cил. _d22 |
||
| 300 | _aНа обороте тит. л. авт.: Тимошенский В.И. - к.м.н., доц., Мамаев А.Н. - д.м.н. | ||
| 320 | _aБиблиогр.: с. 98-102 (86 назв.) | ||
| 606 | 1 |
_aНосовые кровотечения _91397544 _3RU\NLR\auth\66587915 |
|
| 675 |
_a616.211-005.1 _vudc |
||
| 686 |
_a76.29.54 _2rugasnti |
||
| 686 |
_a76.29.33 _2rugasnti |
||
| 686 |
_aC08.460.261 - патофизиология _2MeSH |
||
| 686 |
_aC09.603.261 - патофизиология _2MeSH |
||
| 686 |
_aC23.550.414.712 - патофизиология _2MeSH |
||
| 686 |
_aC08.460.261 - терапия _2MeSH |
||
| 686 |
_aC09.603.261 - терапия _2MeSH |
||
| 686 |
_aC23.550.414.712 - терапия _2MeSH |
||
| 686 | _aР682.440.32-37 | ||
| 700 | 1 |
_aТимошенский _bВ. И. _gВасилий Ильич _4070 |
|
| 701 | 1 |
_aМамаев _bА. Н. _gАндрей Николаевич _4070 |
|
| 801 | 0 |
_aRU _bЦНМБ _c20080214 _gPSBO |
|
| 801 | 1 |
_aRU _bЦНМБ _c20080214 |
|
| 801 | 2 |
_aRU _bNLR _c20080326 _grcr |
|
| 942 | _cBOOK | ||
| 980 | _aNB | ||
| 980 | _aNBR | ||